000 00752nam a2200265 i 4500
001 C2-0279916
003 PPAK
005 20180728011021.0
008 070530s2002 my a|||| ||||| | may d
020 _a9838323403 ; 9789838323406
040 _aPPAK
_beng
_cPPAK
_erda
082 0 4 _a499.2386
_223
090 0 0 _a499.2386
_bAME
_dK
100 0 _aAmer Haji Mat Som,
_eauthor
245 1 0 _aIblis dan saudagar Raof
264 1 _aKuala Lumpur :
_bPustaka Printis ,
_c2002
300 _a22 pages :
_billustrations ;
_c22 cm
336 _2rdacontent
_atext
337 _2rdamedia
_aunmediated
338 _2rdacarrier
_avolume
490 1 _aSiri cabaran iman
650 1 0 _aBahasa Malaysia - Readers.
830 0 _aSiri cabaran iman
942 _ddc
_cB
999 _c86518
_d86518